| 000 | 00505nam a2200133Ia 4500 | ||
|---|---|---|---|
| 008 | 171207s9999 xx 000 0 und d | ||
| 100 | _aZiomek-Daigle, Jolie | ||
| 245 | _aUsing Reflective Writing Practices to Articulate Student Learning in Counselor Education | ||
| 245 | _cJolie Ziomek-Daigle | ||
| 260 | _c2017 | ||
| 300 | _apages 262-270, April-June 2017 | ||
| 440 |
_aJournal of Creativity in Mental Health _v12: |
||
| 650 | _aCreativity, counselor education, writing, teaching, reflective practice | ||
| 999 |
_c347691 _d347691 |
||